000
00336nam a2200145Ia 4500
008
151213s9999 xx 000 0 und d
100
_a
T.S. Eliot
245
_a
The Cocktail Party
_c
T.S. Eliot
260
_a
London
_b
Falen & Falen
300
_a
4549 p.
650
_a
English
650
_a
Play
700
_a
T.S. Eliot
999
_c
2923
_d
2923